书目信息 |
| 题名: |
黑格曼与他的学生们
|
|
| 作者: | 何见平 主编 ;朱 译 | |
| 分册: | ||
| 出版信息: | 北京 中国青年出版社 2004 |
|
| 页数: | 1册 | |
| 开本: | 24cm | |
| 丛书名: | 国际现代设计艺术大系 | |
| 单 册: | ||
| 中图分类: | J506 | |
| 科图分类: | ||
| 主题词: | 平面设计--德国--现代--图集 , 平面设计 , 工艺美术--艺术理论 | |
| 电子资源: | ||
| ISBN: | 7-5006-5665-3 | |
| 000 | 01066oam2 2200289 450 | |
| 001 | 0709000076 | |
| 005 | 20070531110737.51 | |
| 010 | @a7-5006-5665-3@dCNY78.00 | |
| 100 | @a20050104d2004 em y0chiy0110 ea | |
| 101 | 1 | @achi@ceng |
| 102 | @aCN@b110000 | |
| 105 | @aa z 000yy | |
| 200 | 1 | @a黑格曼与他的学生们@Ahei ge man yu ta de xue sheng men@dSons Hickmann & Students@f何见平主编@g( ) 朱(Candie Zhu)等译@zeng |
| 210 | @a北京@c中国青年出版社@d2004 | |
| 215 | @a1册@c彩图@d24cm | |
| 225 | 2 | @a国际现代设计艺术大系@i名师高徒系列设计丛书 |
| 330 | @a本书分两部分,一部分为国际著名平面设计师黑格曼教授的艺术作品,介绍了他对设计的理解和设计教育的方法。一部分介绍了他影响下的青年设计师的创作作品。 | |
| 462 | 0 | @12001 @a名师高徒系列设计丛书 |
| 510 | 1 | @aSons Hickmann & Students@zeng |
| 606 | 0 | @a平面设计@y德国@z现代@j图集 |
| 606 | 0 | @a平面设计 |
| 606 | 0 | @a工艺美术@x艺术理论 |
| 690 | @aJ506@v4 | |
| 701 | 0 | @a何见平@Ahe jian ping@4主编 |
| 702 | 1 | @c( )@a朱@Azhu@c(Zhu, Candie)@4译 |
| 801 | 0 | @aCN@bTAOJIN@c20070531 |
| 905 | @a10447@dJ506@e214:5 | |
| 黑格曼与他的学生们=Sons Hickmann & Students/何见平主编/( ) 朱(Candie Zhu)等译.-北京:中国青年出版社,2004 |
| 1册:彩图;24cm.-(国际现代设计艺术大系.名师高徒系列设计丛书) |
| ISBN 7-5006-5665-3:CNY78.00 |
| 本书分两部分,一部分为国际著名平面设计师黑格曼教授的艺术作品,介绍了他对设计的理解和设计教育的方法。一部分介绍了他影响下的青年设计师的创作作品。 |
| ● |
| 相关链接 |
|
|
|
|
正题名:黑格曼与他的学生们
索取号:J506/214:5
 
预约/预借
| 序号 | 登录号 | 条形码 | 馆藏地/架位号 | 状态 | 备注 |
| 1 | 0523843 | 205238438 | 第一样本阅览室/ [索取号:J506/214:5] | 在馆 | |
| 2 | 0523844 | 205238447 | 第一借阅区/ [索取号:J506/214:5] | 在馆 | |
| 3 | 0523845 | 205238456 | 第一借阅区/ [索取号:J506/214:5] | 在馆 |